Score 0/26 Timer 02:00
0 Plays Today
Song Title Missing Word % Correct
_____ VibrationsGood
91.2%
Like a _____ StoneRolling
86.2%
_____ Will Tear Us ApartLove
82.6%
You've Lost That Lovin' _____Feelin'
80%
Sunday _____ SundayBloody
76.3%
_____ HotelHeartbreak
71.9%
Son of a _____ ManPreacher
67%
Louie _____Louie
66.5%
No _____, No CryWoman
65.8%
I Want You _____Back
63.9%
Will You Love Me _____?Tomorrow
57%
Won't Get _____ AgainFooled
54%
Little Red _____Corvette
52.3%
Song Title Missing Word % Correct
_____ My BabyBe
48.5%
Try a Little _____Tenderness
43.6%
_____ in the U.K.Anarchy
42.2%
The Night They Drove Old _____ DownDixie
39.7%
Take Me to the _____River
33.5%
A _____ Is Gonna ComeChange
33.1%
Paranoid _____Android
31.6%
_____ Miles HighEight
28.2%
_____ PeopleEveryday
26.6%
Green _____Onions
17.7%
Living for the _____City
17.6%
I'm Waiting for the _____Man
17.5%
_____ Love TriangleBizarre
11.3%

Today's Daily Dose

Remove Ads.
Support Sporcle.
Get the best of Sporcle when you Go Orange. This ad-free experience offers more features, more stats, and more fun while also helping to support Sporcle. Thank you for becoming a member.

You're not logged in!

Compare scores with friends on all Sporcle quizzes.
OR
Log In

Show Comments

Extras

Top Quizzes Today


Score Distribution

Your Account Isn't Verified!

In order to create a playlist on Sporcle, you need to verify the email address you used during registration. Go to your Sporcle Settings to finish the process.

Report this User

Report this user for behavior that violates our Community Guidelines.

Details: